| 000 | 01402cad a22002175a 4500 | ||
|---|---|---|---|
| 001 | L147039 | ||
| 008 | 120412s2012 xxkd f s 000 0 eng d | ||
| 035 | _a(Sirsi) u147039 | ||
| 041 | 0 | _aeng | |
| 110 | 2 |
_aKnight Frank _91530 |
|
| 245 | 0 | 4 |
_aThe wealth report 2012 _h[electronic resource] |
| 260 |
_aLondon _bThink Publishing _c2012 |
||
| 520 | _aReports on the Knight Frank Prime International Residential Index (PIRI) and attitudes of high net worth individuals (HNWIs) who held a portfolio in the prime residential market in 2012. Examines international commercial market opportunities. Notes the emergence of new wealth hot spots in South East Asia, China, India and Latin America. Knight Frank Global Cities Survey and Citi Private Bank's EIU Global City Index ranks London and New as the most influential cities in 2022 with San Paulo, Miami, Dubai, Mumbai and Istanbul emerging as key global centres. Predicts that Shanghai will be the leading global centre by 2050. Databank presents statistical results of, PIRI, Global Cities and Attitudes surveys. | ||
| 590 | _aKA NTK | ||
| 651 | 4 | _aInternational | |
| 690 |
_aResidential property _96266 |
||
| 690 |
_aCommercial property _96227 |
||
| 710 | 2 |
_aCiti Private Bank _95312 |
|
| 856 | 4 | 8 |
_uhttps://content.knightfrank.com/research/83/documents/en/2012-800.pdf _zView the item free of charge at www.knightfrank.com/wealthreport |
| 942 | _n0 | ||
| 999 |
_c109421 _d109421 |
||